[Event "7th Essent op"]
[Site "Hoogeveen NED"]
[Date "2003.10.11"]
[Round "2.29"]
[White "Van der Veen, Jan"]
[Black "Doggers, Peter"]
[Result "1/2-1/2"]
[WhiteElo "2118"]
[BlackElo "2209"]
[EventDate "2003.10.10"]
[PlyCount "98"]

1.e4 c5 2.Nc3 Nc6 3.f4 g6 4.Nf3 Bg7 5.Bb5 Nd4 6.a4 e6 7.d3 Ne7 8.e5 a6 9.
Bc4 d5 10.exd6 Nef5 11.Ne4 Nxd6 12.Nxd6+ Qxd6 13.c3 Nxf3+ 14.Qxf3 O-O 15.
O-O Rb8 16.a5 Bd7 17.Ra3 Bc6 18.Qf2 Bd5 19.Be3 Rbc8 20.Rb3 Rfd8 21.h3 Qc7 
22.Rb6 Rd6 23.Bxc5 Rd7 24.Bxd5 Rxd5 25.d4 Bf8 26.b4 Bh6 27.g3 Rcd8 28.h4 
Bg7 29.Kh2 h6 30.Qf3 R8d7 31.Kg2 g5 32.hxg5 hxg5 33.Rh1 gxf4 34.Qxf4 Qxf4 
35.gxf4 Rf5 36.Rh4 Rf6 37.Rg4 Rh6 38.Bd6 f5 39.Rg3 Kf7 40.Bc5 Rh4 41.Rd6 
Rxd6 42.Bxd6 Bh6 43.Rf3 Ke8 44.Be5 Kd7 45.c4 Kc6 46.Rf1 Rg4+ 47.Kf3 Rh4 
48.Kg3 Rg4+ 49.Kf3 Rh4 1/2-1/2

[Event "7th Essent op"]
[Site "Hoogeveen NED"]
[Date "2003.10.11"]
[Round "2.30"]
[White "Markus, John Raymond"]
[Black "Hendriks, Richard V"]
[Result "1/2-1/2"]
[WhiteElo "2206"]
[BlackElo "2108"]
[EventDate "2003.10.10"]
[PlyCount "62"]

1.d4 d5 2.Nf3 c5 3.e3 e6 4.c4 Nf6 5.Nc3 Nc6 6.a3 cxd4 7.exd4 Be7 8.Bd3 
dxc4 9.Bxc4 O-O 10.O-O a6 11.Ba2 b5 12.d5 exd5 13.Nxd5 Nxd5 14.Qxd5 Bb7 
15.Bg5 h6 16.Bxe7 Qxe7 17.Rfe1 Qf6 18.Re2 Rad8 19.Qh5 Rd3 20.Rae1 Nd4 21.
Nxd4 Rxd4 22.Qc5 Rc8 23.Qe7 Bd5 24.Qxf6 gxf6 25.Bxd5 Rxd5 26.Re8+ Rxe8 27.
Rxe8+ Kg7 28.f3 Rd2 29.Ra8 Rxb2 30.Rxa6 b4 31.axb4 Rxb4 1/2-1/2

[Event "7th Essent op"]
[Site "Hoogeveen NED"]
[Date "2003.10.11"]
[Round "2.31"]
[White "Nagel, Yvette"]
[Black "Hulshof, Peter"]
[Result "1/2-1/2"]
[WhiteElo "2075"]
[BlackElo "2202"]
[EventDate "2003.10.10"]
[PlyCount "25"]

1.e4 g6 2.d4 Bg7 3.f4 d5 4.e5 h5 5.c3 Nh6 6.Na3 Bf5 7.Nc2 e6 8.Nf3 Bf8 9.
Ne3 c5 10.Nxf5 Nxf5 11.Bd3 Nc6 12.Bxf5 gxf5 13.Be3 1/2-1/2

[Event "7th Essent op"]
[Site "Hoogeveen NED"]
[Date "2003.10.12"]
[Round "3.1"]
[White "Beshukov, Sergei"]
[Black "Inarkiev, Ernesto"]
[Result "1-0"]
[WhiteElo "2506"]
[BlackElo "2593"]
[EventDate "2003.10.10"]
[PlyCount "91"]

1.e4 e5 2.Bc4 Nf6 3.d3 Nc6 4.Nf3 h6 5.O-O d6 6.c3 g6 7.Re1 Bg7 8.Nbd2 O-O 
9.Bb3 Kh8 10.d4 Qe7 11.h3 b6 12.Nf1 Bb7 13.Ng3 Rad8 14.Bc2 d5 15.exd5 Nxd5
16.Bd2 Rfe8 17.Qc1 h5 18.Bg5 Qd6 19.Bxd8 Rxd8 20.dxe5 Nxe5 21.Nxe5 Bxe5 
22.Qh6+ Kg8 23.Nxh5 Rd7 24.Rad1 Re7 25.c4 gxh5 26.Qxd6 Bxd6 27.cxd5 Rxe1+ 
28.Rxe1 Bxd5 29.b3 Kg7 30.Be4 Be6 31.Bc6 Kg6 32.Rd1 Kg7 33.Bd5 Bf5 34.Bf3 
Kg6 35.Rd5 h4 36.Bh5+ Kf6 37.Bxf7 Bf4 38.Bh5 Bb1 39.a3 c6 40.Rd7 a5 41.Bf3
Bc2 42.Bxc6 Bc1 43.Rb7 Bxa3 44.Rxb6 Ke5 45.Rb5+ Kd6 46.Rxa5 1-0

[Event "7th Essent op"]
[Site "Hoogeveen NED"]
[Date "2003.10.12"]
[Round "3.2"]
[White "Stellwagen, Daniel"]
[Black "Dvoirys, Semen I"]
[Result "1/2-1/2"]
[WhiteElo "2487"]
[BlackElo "2569"]
[EventDate "2003.10.10"]
[PlyCount "65"]

1.e4 c5 2.Nf3 d6 3.d4 cxd4 4.Nxd4 Nf6 5.Nc3 a6 6.Be3 e5 7.Nb3 Be6 8.f3 
Nbd7 9.Qd2 b5 10.g4 Nb6 11.g5 Nfd7 12.f4 Rc8 13.f5 Bc4 14.O-O-O Bxf1 15.
Rhxf1 Nc4 16.Qe2 h6 17.g6 Nxe3 18.Qxe3 Qg5 19.Nd5 Qxe3+ 20.Nxe3 Nf6 21.Nd2
Be7 22.Kb1 O-O 23.h3 Rfd8 24.c3 d5 25.Nxd5 Nxd5 26.exd5 Rxd5 27.Ne4 Rxd1+ 
28.Rxd1 fxg6 29.fxg6 Rc6 30.Rg1 Rc4 31.Re1 Rc6 32.Rg1 Rc4 33.Re1 1/2-1/2

[Event "7th Essent op"]
[Site "Hoogeveen NED"]
[Date "2003.10.12"]
[Round "3.4"]
[White "Dambacher, Martijn"]
[Black "Izoria, Zviad"]
[Result "0-1"]
[WhiteElo "2419"]
[BlackElo "2546"]
[EventDate "2003.10.10"]
[PlyCount "76"]

1.d4 Nf6 2.c4 g6 3.Nc3 Bg7 4.e4 O-O 5.Nf3 d6 6.Be2 e5 7.O-O Na6 8.Be3 Ng4 
9.Bg5 Qe8 10.dxe5 dxe5 11.h3 f6 12.Bd2 Nh6 13.Be3 c6 14.c5 Nf7 15.Nd2 f5 
16.exf5 gxf5 17.Bxa6 bxa6 18.f4 Rb8 19.Qc2 Be6 20.Rfe1 Rd8 21.Nb3 Nh8 22.
Rad1 Rxd1 23.Qxd1 Ng6 24.Qf3 Bxb3 25.axb3 exf4 26.Bd2 Qb8 27.Qxc6 Qxb3 28.
Qe6+ Qxe6 29.Rxe6 Bd4+ 30.Kf1 Bxc5 31.Rxa6 Rb8 32.Na4 Be3 33.Ke2 Re8 34.
Nc3 Bb6+ 35.Kf3 Ne5+ 36.Kxf4 Nc4 37.Nd5 Re4+ 38.Kxf5 Re5+ 0-1

[Event "7th Essent op"]
[Site "Hoogeveen NED"]
[Date "2003.10.12"]
[Round "3.5"]
[White "Grigoriants, Sergey"]
[Black "Hoeksema, Hendrik Pieter"]
[Result "1/2-1/2"]
[WhiteElo "2525"]
[BlackElo "2351"]
[EventDate "2003.10.10"]
[PlyCount "62"]

1.e4 c5 2.Nf3 d6 3.Nc3 Nf6 4.d4 cxd4 5.Nxd4 a6 6.f4 e6 7.Qf3 Qb6 8.Nb3 Qc7
9.g4 b5 10.g5 Nfd7 11.a3 Nc6 12.Bg2 Rb8 13.Qe2 Nc5 14.Nxc5 dxc5 15.Be3 Bb7
16.Qf2 Nd4 17.O-O Be7 18.b4 cxb4 19.Bxd4 bxc3 20.Bxg7 Bc5 21.Bd4 Bxd4 22.
Qxd4 O-O 23.Rf2 Rfd8 24.Qe3 Rd7 25.Bf1 Rbd8 26.Bd3 Qd6 27.Rf3 Qd4 28.Kf2 
Qa4 29.Qe1 Qd4+ 30.Qe3 Qa4 31.Qe1 Qd4+ 1/2-1/2

[Event "7th Essent op"]
[Site "Hoogeveen NED"]
[Date "2003.10.12"]
[Round "3.6"]
[White "Motylev, Alexander"]
[Black "Werle, Jan"]
[Result "1-0"]
[WhiteElo "2634"]
[BlackElo "2409"]
[EventDate "2003.10.10"]
[PlyCount "101"]

1.e4 c5 2.Nf3 d6 3.d4 cxd4 4.Nxd4 Nf6 5.Nc3 Nc6 6.f3 e5 7.Nb3 Be7 8.Be3 
O-O 9.Qd2 a5 10.Bb5 Be6 11.Rd1 Na7 12.Bd3 Nc8 13.O-O Nb6 14.Qf2 Nc4 15.
Bxc4 Bxc4 16.Rfe1 a4 17.Nc5 b5 18.Nd3 Bxd3 19.cxd3 b4 20.Ne2 Qa5 21.Ng3 g6
22.Bh6 Rfd8 23.Nf5 Rd7 24.Nxe7+ Rxe7 25.d4 Ne8 26.dxe5 Rxe5 27.Bd2 Qb5 28.
Qd4 Rb8 29.Rc1 Rc5 30.a3 bxa3 31.bxa3 Qc6 32.Be3 Rc2 33.Bh6 Rxc1 34.Rxc1 
Qb5 35.h3 Qb3 36.Rc3 Qb2 37.Rd3 Qe2 38.Rd2 Rb1+ 39.Kh2 Qe1 40.Qxa4 Qg1+ 
41.Kg3 Qe1+ 42.Rf2 Rb8 43.Qa7 Rc8 44.Qd4 Qg1 45.Qb2 Rc5 46.Rc2 g5 47.Qb8 
Re5 48.Rc8 f5 49.Rxe8+ Kf7 50.Rf8+ Kg6 51.Rxf5 1-0

[Event "7th Essent op"]
[Site "Hoogeveen NED"]
[Date "2003.10.12"]
[Round "3.7"]
[White "Rogers, Ian"]
[Black "Jonkman, Harmen"]
[Result "1-0"]
[WhiteElo "2574"]
[BlackElo "2414"]
[EventDate "2003.10.10"]
[PlyCount "95"]

1.c4 Nf6 2.d4 e6 3.Nc3 d5 4.cxd5 exd5 5.Bg5 c6 6.Qc2 Be7 7.e3 Nbd7 8.Bd3 
O-O 9.Nf3 Re8 10.O-O Nf8 11.Rae1 Be6 12.Ne5 N6d7 13.Bxe7 Qxe7 14.f4 f6 15.
Nxd7 Qxd7 16.b4 Qd6 17.Qb2 a5 18.bxa5 Rxa5 19.a4 Bf7 20.f5 Nd7 21.e4 dxe4 
22.Nxe4 Qd5 23.Qb4 Rea8 24.Nc3 c5 25.Nxd5 cxb4 26.Nxb4 Rxa4 27.Rb1 Rd8 28.
Rfc1 Nf8 29.d5 Nd7 30.Rc7 Ne5 31.Bb5 Ra5 32.Rxb7 Bxd5 33.Nxd5 Rxd5 34.Bc4 
Kf8 35.Bxd5 Rxd5 36.Ra1 Nd7 37.Raa7 Ke8 38.g4 Rd2 39.Kf1 Ke7 40.Ke1 Rd4 
41.Ke2 Rd5 42.Ke3 Rd1 43.Ra4 Kd6 44.Rd4+ Rxd4 45.Kxd4 Kc6 46.Ra7 Kd6 47.
Ra6+ Ke7 48.Kd5 1-0

[Event "7th Essent op"]
[Site "Hoogeveen NED"]
[Date "2003.10.12"]
[Round "3.8"]
[White "Hebden, Mark"]
[Black "Williams, Simon Kim"]
[Result "1-0"]
[WhiteElo "2560"]
[BlackElo "2380"]
[EventDate "2003.10.10"]
[PlyCount "77"]

1.d4 e6 2.e4 d5 3.Nc3 Bb4 4.e5 c5 5.a3 Bxc3+ 6.bxc3 Ne7 7.h4 h5 8.a4 Qa5 
9.Bd2 Nbc6 10.Nf3 Bd7 11.Be2 Qc7 12.O-O O-O-O 13.Qc1 c4 14.Bf4 Ng6 15.Bg3 
Nce7 16.Ng5 Rdf8 17.Qd1 Qa5 18.Bxh5 Qxc3 19.Re1 Nf5 20.Nxf7 Rxf7 21.Bxg6 
Nxg3 22.Bxf7 Nf5 23.h5 Nxd4 24.Qg4 Nf5 25.Bg6 Qxc2 26.Rac1 Qd3 27.Rcd1 Nh6
28.Qg5 Qa3 29.Re3 Qc5 30.Bc2 d4 31.Rg3 Bc6 32.Qxg7 Rg8 33.Qxh6 Rxg3 34.
fxg3 d3+ 35.Kh2 Qf2 36.Rd2 Qf5 37.Qg6 Be4 38.Qxf5 Bxf5 39.Bb1 1-0

[Event "7th Essent op"]
[Site "Hoogeveen NED"]
[Date "2003.10.12"]
[Round "3.9"]
[White "Spoelman, Wouter"]
[Black "Glek, Igor Vladimirovich"]
[Result "0-1"]
[WhiteElo "2193"]
[BlackElo "2555"]
[EventDate "2003.10.10"]
[PlyCount "66"]

1.e4 e6 2.d4 d5 3.Nc3 Nf6 4.Bg5 Bb4 5.e5 h6 6.Bd2 Bxc3 7.bxc3 Ne4 8.Qg4 g6
9.Bd3 Nxd2 10.Kxd2 c5 11.h4 Qa5 12.Rh3 Nc6 13.Bxg6 Nxd4 14.Kd1 Rg8 15.
Bxf7+ Kxf7 16.Qh5+ Ke7 17.cxd4 Rxg2 18.Ne2 Bd7 19.Qxh6 Rf8 20.Nf4 Rxf4 21.
Qxf4 Rg1+ 22.Ke2 Bb5+ 23.Rd3 Bxd3+ 24.cxd3 Rxa1 25.Qf6+ Kd7 26.Qf7+ Kc6 
27.Qe8+ Kb6 28.Qxe6+ Kb5 29.Qd7+ Ka6 30.Qe6+ Qb6 31.Qxd5 Qb2+ 32.Kf3 Rxa2 
33.Qc4+ b5 0-1

[Event "7th Essent op"]
[Site "Hoogeveen NED"]
[Date "2003.10.12"]
[Round "3.10"]
[White "Janssen, Ruud"]
[Black "Van Beek, Alexander"]
[Result "1-0"]
[WhiteElo "2489"]
[BlackElo "2276"]
[EventDate "2003.10.10"]
[PlyCount "65"]

1.e4 c6 2.c4 d5 3.cxd5 cxd5 4.exd5 Nf6 5.Nc3 Nxd5 6.Nf3 e6 7.Bc4 Be7 8.O-O
O-O 9.d4 Nxc3 10.bxc3 Nd7 11.Bf4 Nf6 12.Ne5 Nd5 13.Bd2 Qc7 14.Bd3 b6 15.
Qh5 f5 16.Rac1 Bd6 17.Rfe1 a6 18.c4 Nb4 19.c5 Bxe5 20.Bxb4 Bxd4 21.cxb6 
Qxb6 22.Bxf8 Bxf2+ 23.Kh1 Bxe1 24.Bc5 Qc6 25.Bf2 Qd6 26.Qe8+ Qf8 27.Qxf8+ 
Kxf8 28.Bxe1 e5 29.Bb4+ Kf7 30.Rc7+ Kf6 31.Rc6+ Kg5 32.Bd2+ f4 33.Rc5 1-0

[Event "7th Essent op"]
[Site "Hoogeveen NED"]
[Date "2003.10.12"]
[Round "3.11"]
[White "Willemze, Jeroen"]
[Black "l`Ami, Erwin"]
[Result "1/2-1/2"]
[WhiteElo "2380"]
[BlackElo "2470"]
[EventDate "2003.10.10"]
[PlyCount "100"]

1.e4 c5 2.Nf3 e6 3.d4 cxd4 4.Nxd4 Nf6 5.Nc3 Bb4 6.e5 Nd5 7.Bd2 Nxc3 8.bxc3
Be7 9.Qg4 g6 10.Bd3 Nc6 11.Qe4 Qc7 12.f4 b6 13.O-O Bb7 14.Qe2 O-O 15.Kh1 
f5 16.a4 Kh8 17.Nb5 Qb8 18.Bc1 Na5 19.Nd6 Bc6 20.Bb5 Bxd6 21.exd6 Qb7 22.
Be3 h6 23.Ba6 Qb8 24.Rfd1 Kh7 25.c4 Nb7 26.c5 Nxc5 27.Bxc5 bxc5 28.Rab1 
Qd8 29.Bb7 Bxb7 30.Rxb7 Rf7 31.Qb5 a6 32.Qxc5 g5 33.fxg5 Qxg5 34.Rb3 f4 
35.Qd4 Rg8 36.Qe4+ Qg6 37.Rd4 Qxe4 38.Rxe4 Rc8 39.c4 Rc5 40.Rb7 Kg6 41.Rc7
Ra5 42.c5 Kf5 43.Rc4 Ke5 44.h3 Rf8 45.Rxd7 Kd5 46.Rc1 Rxc5 47.Rd1+ Ke5 48.
Re7 Kf6 49.Rh7 Kg6 50.Re7 Kf6 1/2-1/2

[Event "7th Essent op"]
[Site "Hoogeveen NED"]
[Date "2003.10.12"]
[Round "3.12"]
[White "Baramidze, David"]
[Black "Archangelsky, Mikhail"]
[Result "1-0"]
[WhiteElo "2463"]
[BlackElo "2344"]
[EventDate "2003.10.10"]
[PlyCount "103"]

1.e4 e6 2.d4 d5 3.Nc3 Nc6 4.Be3 Bb4 5.e5 Nge7 6.Bd3 Nf5 7.Bxf5 exf5 8.Qd3 
Be6 9.h4 Qd7 10.a3 Be7 11.Nf3 h6 12.h5 O-O-O 13.Ne2 Na5 14.b3 a6 15.Bd2 
Nc6 16.Nf4 Kb8 17.Nh4 Bg5 18.Be3 Bxf4 19.Bxf4 Ne7 20.Qd2 Qc6 21.Rh3 Qb6 
22.Rg3 Rh7 23.Be3 a5 24.a4 Qb4 25.Qxb4 axb4 26.Bd2 Nc6 27.Nf3 b6 28.O-O-O 
Rg8 29.Rh1 Kb7 30.Rh4 Ka6 31.Ne1 g5 32.hxg6 fxg6 33.Nd3 Ka5 34.c3 bxc3 35.
Bxc3+ Ka6 36.Nf4 Nd8 37.Rxg6 Rxg6 38.Nxg6 Rg7 39.Nf4 Rg4 40.g3 Rxh4 41.
gxh4 Kb7 42.Bb4 Bf7 43.Bf8 h5 44.Kd2 Kc6 45.Be7 Nb7 46.e6 Be8 47.b4 b5 48.
a5 Nd6 49.Bxd6 Kxd6 50.Ke3 Bc6 51.Nxh5 Kxe6 52.Kf4 1-0

[Event "7th Essent op"]
[Site "Hoogeveen NED"]
[Date "2003.10.12"]
[Round "3.13"]
[White "Rubingh, Otto"]
[Black "Van der Werf, Mark"]
[Result "0-1"]
[WhiteElo "2299"]
[BlackElo "2423"]
[EventDate "2003.10.10"]
[PlyCount "79"]

1.d4 d5 2.Nf3 e6 3.g3 c6 4.Bg2 Nd7 5.O-O Ngf6 6.b3 Bd6 7.Bb2 O-O 8.Nbd2 
Qe7 9.Ne5 Ba3 10.Qc1 Bxb2 11.Qxb2 a5 12.c4 a4 13.b4 a3 14.Qc3 dxc4 15.e4 
b5 16.Nxc6 Qe8 17.d5 Ra6 18.Rfe1 Bb7 19.Nd4 Nb6 20.dxe6 fxe6 21.Bh3 Bc8 
22.e5 Nfd5 23.Qc1 Nxb4 24.Ne4 Nd3 25.Qg5 h6 26.Qg4 Nxe5 27.Nf6+ Rxf6 28.
Rxe5 Nd7 29.Rxb5 e5 30.Qe2 Qf7 31.Bg2 exd4 32.Bd5 Rae6 33.Qxc4 Ba6 34.Rab1
Bxb5 35.Qc8+ Nf8 36.Rxb5 Kh7 37.Qc2+ Qg6 38.Qd1 Re8 39.Bc4 Kh8 40.Bd3 0-1

[Event "7th Essent op"]
[Site "Hoogeveen NED"]
[Date "2003.10.12"]
[Round "3.14"]
[White "Prasad, Devaki V"]
[Black "Erwich, Marc"]
[Result "1/2-1/2"]
[WhiteElo "2409"]
[BlackElo "2333"]
[EventDate "2003.10.10"]
[PlyCount "114"]

1.e4 e5 2.Nf3 Nc6 3.Bb5 a6 4.Ba4 Nf6 5.O-O Be7 6.Re1 b5 7.Bb3 O-O 8.h3 d6 
9.c3 Na5 10.Bc2 c5 11.d4 Qc7 12.Nbd2 cxd4 13.cxd4 Nc6 14.Nf1 Nxd4 15.Nxd4 
exd4 16.b3 d5 17.e5 Ne4 18.Bxe4 dxe4 19.Qxd4 Bb7 20.Bf4 Rfd8 21.Qe3 Rd3 
22.Qe2 Rad8 23.Qg4 Qd7 24.Ng3 Qxg4 25.hxg4 Bb4 26.Re2 Bc3 27.Rf1 h6 28.
Nxe4 Bxe4 29.Rxe4 R8d4 30.Rxd4 Rxd4 31.Be3 Re4 32.Rc1 b4 33.a4 Rxe5 34.Rd1
Re6 35.Kf1 Bf6 36.Bc5 Bc3 37.f3 Kh7 38.Bf2 Kg6 39.Rd5 Kf6 40.Rf5+ Kg6 41.
Rd5 Kf6 42.f4 Re4 43.g3 g5 44.Rd6+ Re6 45.Bc5 Rxd6 46.Bxd6 Ke6 47.Bf8 gxf4
48.gxf4 f5 49.gxf5+ Kxf5 50.Bxh6 Bd2 51.Ke2 Bxf4 52.Bf8 Ke4 53.Bxb4 Kd5 
54.Kd3 Kc6 55.Kc4 Kb7 56.Bc5 Be5 57.b4 Bf4 1/2-1/2

[Event "7th Essent op"]
[Site "Hoogeveen NED"]
[Date "2003.10.12"]
[Round "3.15"]
[White "Grooten, Herman"]
[Black "Jongsma, Daan"]
[Result "1/2-1/2"]
[WhiteElo "2390"]
[BlackElo "2248"]
[EventDate "2003.10.10"]
[PlyCount "110"]

1.d4 Nf6 2.c4 e6 3.Nf3 Bb4+ 4.Nbd2 b6 5.a3 Bxd2+ 6.Bxd2 Bb7 7.Bg5 h6 8.Bh4
d6 9.e3 Nbd7 10.Nd2 Qe7 11.f3 e5 12.d5 g5 13.Bg3 e4 14.f4 Rg8 15.Qc2 O-O-O
16.fxg5 Ng4 17.Qxe4 Qxg5 18.Bf4 Qf6 19.Qd4 Rde8 20.Be2 Nxe3 21.Bxe3 Rxg2 
22.Qxf6 Nxf6 23.Bf2 Ng4 24.Rf1 b5 25.b3 bxc4 26.bxc4 c6 27.Rc1 cxd5 28.h3 
d4 29.c5 d5 30.hxg4 d3 31.c6 Ba6 32.Rc5 Rxe2+ 33.Kd1 Rexf2 34.Rxf2 Rxf2 
35.Rxd5 Rg2 36.Ke1 Re2+ 37.Kd1 Rg2 38.Ke1 Rxg4 39.Ra5 Bc4 40.Rxa7 Bd5 41.
Kf2 h5 42.Rd7 Rg5 43.Ke3 h4 44.Rd6 h3 45.Rh6 Bg2 46.Kxd3 Rg6 47.Rh7 Rxc6 
48.Ne4 Ra6 49.a4 Rxa4 50.Nc5 Ra3+ 51.Kd4 Kd8 52.Nd3 Ke8 53.Nf4 Kf8 54.Ke5 
Kg8 55.Rh4 Ra5+ 1/2-1/2

[Event "7th Essent op"]
[Site "Hoogeveen NED"]
[Date "2003.10.12"]
[Round "3.16"]
[White "De Jong, Migchiel"]
[Black "Van de Oudeweetering, Arthur"]
[Result "1/2-1/2"]
[WhiteElo "2274"]
[BlackElo "2389"]
[EventDate "2003.10.10"]
[PlyCount "30"]

1.Nf3 d5 2.b3 Bg4 3.Bb2 Nd7 4.e3 Ngf6 5.Be2 e6 6.O-O Bd6 7.c4 O-O 8.d3 Re8
9.Nbd2 c6 10.cxd5 exd5 11.Re1 Qe7 12.a3 Rad8 13.Nd4 Ne5 14.Nf1 Bc8 15.b4 
Ng6 1/2-1/2

[Event "7th Essent op"]
[Site "Hoogeveen NED"]
[Date "2003.10.12"]
[Round "3.17"]
[White "Wempe, Joost"]
[Black "Jens, Jelmer"]
[Result "0-1"]
[WhiteElo "2259"]
[BlackElo "2387"]
[EventDate "2003.10.10"]
[PlyCount "80"]

1.e4 c6 2.d4 d5 3.Nc3 dxe4 4.Nxe4 Bf5 5.Ng3 Bg6 6.h4 h6 7.Nf3 Nd7 8.Bd3 
Bxd3 9.Qxd3 e6 10.Bd2 Ngf6 11.O-O-O Be7 12.Kb1 O-O 13.Ne4 c5 14.Nxf6+ Nxf6
15.Be3 Qc7 16.Qe2 Rac8 17.Ne5 Nd5 18.c3 Bd6 19.Ng4 Bf4 20.g3 Nxe3 21.Nxe3 
cxd4 22.gxf4 dxe3 23.fxe3 Rfd8 24.Rhg1 Qb6 25.Rxd8+ Qxd8 26.Qg4 Qf6 27.e4 
Rc4 28.Qe2 Rc5 29.Qg4 h5 30.Qg3 Rc4 31.Qd3 b5 32.Qd7 Rxe4 33.Qxa7 Qf5 34.
Ka1 Rxf4 35.a3 Rxh4 36.Rd1 Kh7 37.Qe7 Rf4 38.Rd7 h4 39.Rd4 h3 40.Qd6 h2 
0-1

[Event "7th Essent op"]
[Site "Hoogeveen NED"]
[Date "2003.10.12"]
[Round "3.20"]
[White "Dogge, Marc"]
[Black "Lorscheid, Gerhard"]
[Result "1-0"]
[WhiteElo "2228"]
[BlackElo "2297"]
[EventDate "2003.10.10"]
[PlyCount "57"]

1.e4 c6 2.d4 g6 3.Nc3 d5 4.e5 f6 5.h4 Nh6 6.Be2 Bg7 7.h5 Be6 8.Nh3 g5 9.g4
Qd7 10.f4 Nxg4 11.fxg5 fxe5 12.h6 Bf8 13.Ng1 Bf5 14.Nf3 e4 15.Nh4 e3 16.
Rf1 Nf2 17.Bh5+ Kd8 18.Qf3 Bxc2 19.Bxe3 Ne4 20.Bg4 Qe8 21.Be6 Bd3 22.Rg1 
Nxc3 23.bxc3 Be4 24.Qf4 Qh5 25.Rg4 Nd7 26.Kf2 Ke8 27.Kg3 Rd8 28.Rf1 Bxh6 
29.Bf7+ 1-0

[Event "7th Essent op"]
[Site "Hoogeveen NED"]
[Date "2003.10.12"]
[Round "3.21"]
[White "Pel, Bonno"]
[Black "Ahlers, Ben"]
[Result "0-1"]
[WhiteElo "2304"]
[BlackElo "2200"]
[EventDate "2003.10.10"]
[PlyCount "84"]

1.e4 d6 2.d4 Nf6 3.Nc3 g6 4.h3 Bg7 5.Be3 c6 6.Nf3 O-O 7.a4 Qc7 8.a5 Nbd7 
9.Be2 Rb8 10.O-O b5 11.axb6 axb6 12.d5 Nc5 13.Nd4 Bd7 14.Bf3 e5 15.Nxc6 
Bxc6 16.dxc6 Qxc6 17.Re1 Ncxe4 18.Bxe4 Nxe4 19.Nd5 Qb7 20.f3 Nc5 21.b4 Ne6
22.c4 Nd4 23.Bxd4 exd4 24.Re7 Qc6 25.Rc7 Qe8 26.Re7 Qc6 27.Rc7 Qe8 28.b5 
Qe5 29.Ne7+ Kh8 30.Nc6 Qe3+ 31.Kh1 Rbe8 32.Rca7 d3 33.R1a2 Qe1+ 34.Qxe1 
Rxe1+ 35.Kh2 Bc3 36.c5 dxc5 37.Rd7 d2 38.Raxd2 Bxd2 39.Rxd2 Rb1 40.Na7 Ra8
41.Rd7 Kg7 42.Rc7 Rxa7 0-1

[Event "7th Essent op"]
[Site "Hoogeveen NED"]
[Date "2003.10.12"]
[Round "3.22"]
[White "Ris, Robert"]
[Black "Van der Veen, Jan"]
[Result "1/2-1/2"]
[WhiteElo "2297"]
[BlackElo "2118"]
[EventDate "2003.10.10"]
[PlyCount "80"]

1.e4 e5 2.Nf3 Nc6 3.Bb5 a6 4.Ba4 Nf6 5.O-O Nxe4 6.d4 b5 7.Bb3 d5 8.dxe5 
Be6 9.Be3 Be7 10.c3 O-O 11.Nbd2 Bg4 12.Nxe4 dxe4 13.Qd5 Qxd5 14.Bxd5 exf3 
15.Bxc6 fxg2 16.Rfc1 Rab8 17.a4 bxa4 18.Rxa4 Be2 19.b4 Bb5 20.Bxb5 axb5 
21.Ra7 Rfc8 22.Rd1 Rd8 23.Rda1 Rdc8 24.R1a6 Kf8 25.Rc6 Bd8 26.Ra1 Ke8 27.
Rd1 Be7 28.Rd4 Rb6 29.Rxb6 cxb6 30.Rd3 Rd8 31.Bd4 Rd5 32.Rh3 Bxb4 33.Bxb6 
Bc5 34.Bxc5 Rxc5 35.Rxh7 g6 36.e6 fxe6 37.Rb7 Rxc3 38.Rxb5 Kf7 39.Kxg2 Kf6
40.f3 Rd3 1/2-1/2

[Event "7th Essent op"]
[Site "Hoogeveen NED"]
[Date "2003.10.12"]
[Round "3.23"]
[White "Van Lommel, Patrick"]
[Black "Van Doeland, Julius"]
[Result "1/2-1/2"]
[WhiteElo "2168"]
[BlackElo "2273"]
[EventDate "2003.10.10"]
[PlyCount "45"]

1.d4 d5 2.c4 c6 3.cxd5 cxd5 4.Nc3 Nf6 5.Bf4 Nc6 6.e3 a6 7.Bd3 Bg4 8.Nge2 
Bh5 9.Rc1 e6 10.Qa4 Be7 11.a3 Bg6 12.Bxg6 hxg6 13.Bg5 O-O 14.Nf4 b5 15.Qd1
Na5 16.Bxf6 Bxf6 17.O-O Be7 18.Qg4 g5 19.Ng6 fxg6 20.Qxe6+ Kh7 21.Qh3+ Kg8
22.Qe6+ Kh7 23.Qh3+ 1/2-1/2

[Event "7th Essent op"]
[Site "Hoogeveen NED"]
[Date "2003.10.12"]
[Round "3.24"]
[White "Knol, Geon"]
[Black "Willemze, Thomas"]
[Result "0-1"]
[WhiteElo "2163"]
[BlackElo "2232"]
[EventDate "2003.10.10"]
[PlyCount "88"]

1.b3 c5 2.c4 Nf6 3.Bb2 e6 4.d3 b6 5.Nf3 Be7 6.g3 Bb7 7.Bg2 O-O 8.O-O d6 9.
Nbd2 Nbd7 10.Qc2 Qc7 11.Rae1 Rac8 12.e4 Qb8 13.h3 Ne5 14.Nh2 Nc6 15.f4 Nd7
16.Ng4 Rce8 17.Qd1 Nb4 18.Nh6+ Kh8 19.Qh5 f6 20.Nf3 gxh6 21.Qxh6 e5 22.Nh4
Rg8 23.fxe5 dxe5 24.Rf5 Bf8 25.Qd2 Qd6 26.Rf3 Nb8 27.Nf5 Qd8 28.a3 N4c6 
29.Ref1 Re6 30.h4 Ne7 31.Nh6 Bxh6 32.Qxh6 Rg6 33.Qh5 Nbc6 34.Bh3 Rd6 35.g4
Bc8 36.g5 Bxh3 37.Rxh3 Rxd3 38.Rxd3 Qxd3 39.Rxf6 Rxf6 40.Qe8+ Ng8 41.gxf6 
Qg3+ 42.Kf1 Qf4+ 43.Kg1 Qxf6 44.h5 Nd4 0-1

[Event "7th Essent op"]
[Site "Hoogeveen NED"]
[Date "2003.10.12"]
[Round "3.25"]
[White "Westerkamp, Bert"]
[Black "Timmermans, Ivo"]
[Result "0-1"]
[WhiteElo "2129"]
[BlackElo "2213"]
[EventDate "2003.10.10"]
[PlyCount "38"]

1.Nf3 c5 2.c4 Nf6 3.Nc3 d5 4.cxd5 Nxd5 5.d4 Nxc3 6.bxc3 g6 7.e3 Bg7 8.Be2 
O-O 9.O-O Qc7 10.Qb3 Nc6 11.Rd1 Na5 12.Qa3 Bf5 13.c4 cxd4 14.Nxd4 Nxc4 15.
Bxc4 Qxc4 16.Qxe7 Bc2 17.Re1 Rfe8 18.Qxb7 Bxd4 19.Bb2 Rab8 0-1

[Event "7th Essent op"]
[Site "Hoogeveen NED"]
[Date "2003.10.12"]
[Round "3.26"]
[White "Doggers, Peter"]
[Black "Nagel, Yvette"]
[Result "1-0"]
[WhiteElo "2209"]
[BlackElo "2075"]
[EventDate "2003.10.10"]
[PlyCount "91"]

1.e4 c5 2.Nf3 e6 3.d4 cxd4 4.Nxd4 Nf6 5.Nc3 Nc6 6.Ndb5 d6 7.Bf4 e5 8.Bg5 
a6 9.Na3 b5 10.Nd5 Be7 11.Bxf6 Bxf6 12.c3 O-O 13.Nc2 Bg5 14.a4 bxa4 15.
Rxa4 a5 16.Bb5 Bb7 17.O-O Ne7 18.Nce3 Bxe3 19.Nxe3 Qb6 20.Qd3 Rab8 21.Bc4 
Bc6 22.Ra2 Qc5 23.b3 Rfd8 24.Rfa1 Ra8 25.Bd5 Nxd5 26.exd5 Bb5 27.Qd2 Qc7 
28.c4 Bd7 29.Rxa5 Rxa5 30.Qxa5 Qxa5 31.Rxa5 f5 32.Ra6 f4 33.Nf1 Bf5 34.f3 
e4 35.fxe4 Bxe4 36.Nd2 Bd3 37.Nf3 h6 38.h4 Kf7 39.Nd4 g5 40.hxg5 hxg5 41.
Ne6 Rb8 42.Rxd6 Rxb3 43.Nxg5+ Ke7 44.Re6+ Kd7 45.Nf3 Rb1+ 46.Kh2 1-0

[Event "7th Essent op"]
[Site "Hoogeveen NED"]
[Date "2003.10.12"]
[Round "3.27"]
[White "Potze, Rudolf"]
[Black "Markus, John Raymond"]
[Result "1/2-1/2"]
[WhiteElo "2124"]
[BlackElo "2206"]
[EventDate "2003.10.10"]
[PlyCount "110"]

1.e4 e5 2.Nf3 Nc6 3.Bb5 a6 4.Ba4 Nf6 5.O-O b5 6.Bb3 Bc5 7.a4 Rb8 8.axb5 
axb5 9.c3 d6 10.d4 Bb6 11.dxe5 Nxe5 12.Nxe5 dxe5 13.Qxd8+ Kxd8 14.Bg5 Ke7 
15.Nd2 h6 16.Bh4 Be6 17.Bxf6+ Kxf6 18.Bxe6 Kxe6 19.g3 Rhd8 20.Nb3 Rd6 21.
Rad1 Rbd8 22.Rxd6+ Rxd6 23.Re1 c5 24.Re2 Rd1+ 25.Kg2 Rb1 26.Rc2 c4 27.Nd2 
Re1 28.Kf3 h5 29.h4 f5 30.b3 fxe4+ 31.Nxe4 cxb3 32.Rb2 Kf5 33.Nd6+ Ke6 34.
Nxb5 e4+ 35.Kg2 Kd5 36.Rxb3 Re2 37.Nd4 Bxd4 38.cxd4 Kxd4 39.Kf1 Rc2 40.Rb7
g6 41.Rb6 e3 42.fxe3+ Kxe3 43.Rf6 Ke4 44.Kg1 g5 45.hxg5 Rc5 46.g6 Rg5 47.
Kh2 Ke5 48.Ra6 Kf5 49.Kh3 Rxg6 50.Ra5+ Kf6 51.Rxh5 Kg7 52.Kh4 Ra6 53.Rg5+ 
Kh7 54.Rb5 Kh6 55.g4 Kg6 1/2-1/2

[Event "7th Essent op"]
[Site "Hoogeveen NED"]
[Date "2003.10.12"]
[Round "3.28"]
[White "Hulshof, Peter"]
[Black "Galje, Hans"]
[Result "1-0"]
[WhiteElo "2202"]
[BlackElo "2089"]
[EventDate "2003.10.10"]
[PlyCount "91"]

1.e4 e6 2.Qe2 c5 3.g3 Nc6 4.Bg2 g6 5.d3 Bg7 6.f4 d6 7.c3 Nge7 8.Nf3 O-O 9.
O-O b5 10.a3 a5 11.Be3 Ba6 12.Rd1 b4 13.axb4 axb4 14.e5 Nf5 15.Nbd2 Nxe3 
16.Qxe3 bxc3 17.bxc3 Ne7 18.Ne4 Nf5 19.Qf2 Bxd3 20.Rxa8 Qxa8 21.Nf6+ Bxf6 
22.exf6 Be4 23.g4 Qa4 24.Rf1 Bd3 25.gxf5 Qxf4 26.Rd1 Qxf5 27.Ne1 Qxf2+ 28.
Kxf2 c4 29.Nxd3 cxd3 30.Ke3 d5 31.Bf1 Rc8 32.Kxd3 Rc4 33.Ra1 Rc8 34.Kd4 h6
35.Ra7 Rf8 36.Ba6 Kh7 37.Ke5 h5 38.h4 Kg8 39.Rc7 Re8 40.Rc8 Rxc8 41.Bxc8 
Kf8 42.Bxe6 fxe6 43.Kxe6 g5 44.hxg5 h4 45.f7 h3 46.Kf6 1-0

[Event "7th Essent op"]
[Site "Hoogeveen NED"]
[Date "2003.10.12"]
[Round "3.29"]
[White "Hendriks, Richard V"]
[Black "Bensdorp, Marlies"]
[Result "1/2-1/2"]
[WhiteElo "2108"]
[BlackElo "2171"]
[EventDate "2003.10.10"]
[PlyCount "85"]

1.Nc3 d5 2.e4 c6 3.f4 dxe4 4.Nxe4 Nd7 5.Nf3 Ngf6 6.Nf2 e6 7.Bc4 b5 8.Be2 
Bd6 9.d4 Bb7 10.O-O O-O 11.Nd3 c5 12.c3 Qb6 13.Kh1 Rad8 14.Nde5 cxd4 15.
cxd4 Ne4 16.Qe1 Be7 17.Bd3 f5 18.Be3 Bd5 19.Bxe4 fxe4 20.Nxd7 Rxd7 21.Ne5 
Rc7 22.Rc1 Rxc1 23.Qxc1 Qb7 24.a3 b4 25.axb4 Bxb4 26.h3 Rc8 27.Qd1 Bd6 28.
f5 Rf8 29.fxe6 Rxf1+ 30.Qxf1 Bxe6 31.Qc1 Bd5 32.Qc3 Bb4 33.Qc2 a5 34.Qa4 
Qc8 35.Qb5 Be6 36.Kh2 Qd8 37.Bg5 Qf8 38.Qc6 Bd6 39.Qxe4 h6 40.Bf4 Qf5 41.
Qxf5 Bxf5 42.Nd3 Bxd3 43.Bxd6 1/2-1/2